000 00828nas a2200277 4500
001 BR9101369
003 BR-BrBNA
005 20231205092001.0
007 ta
008 230509b bl.|||p| |||| 00| 00por d
040 _aBR-BrBNA
_bpor
_cBiblioteca Nacional de Agricultura
041 _a(Pt)
072 _aL51
100 1 _aAzevedo, A.R. de
100 1 _aMorros, J.F.G.
100 1 _aAkves, A.A.
245 1 _aEstudo das materias nitrogenadas do feno da cunha (Clitoria ternatea L.)em quatro periodos de corte
_bParte de tese
650 _aFENO
650 _aCUNHA
650 _aDIGESTIBILIDADE
650 _aCARNEIRO
650 _aNITROGENIO
773 0 _tCiencia Agronomica (Brazil)
_xISSN 0045-6888
_g(Jun 1988), v. 19(1) p. 7-12
_wBR9101369
909 _a202311
_bLúcia
_c55
_dLúcia Elande
942 _2AGRIS
_n0
_cANA
999 _c128529
_d128529